000 01130nam a2200361 c 4500
001 58017
003 CO-BoRNBP
005 20250819203512.0
007 ta
008 220322s2021 sp | |||| 000 f spa
020 _a9788411090681
_qo.c.
020 _a9788411090698
_qvol. 1
040 _aCO-BoRNBP
_bspa
_cCO-BoRNBP
_erda
041 1 _aspa
_heng
084 _aN CHR1
100 1 _aChristie, Agatha
_d1890-1976
_eautor
_962238
240 1 0 _aMurder on the Orient Express
245 1 0 _aAsesinato en el Orient Express
_cAgatha Christie ; traducción de Eduardo Machado Quevedo
250 _a1a. edición
264 1 _aBarcelona (España)
_bPlaneta DeAgostini,
_c[2021]
300 _a236 páginas
_c24 cm
336 _aTexto
_2rdacontent
_btxt
337 _asin mediación
_2rdamedia
_bn
338 _avolumen
_2rdacarrier
_bnc
650 1 7 _2LEMB
_aLiteratura inglesa
650 1 7 _2LEMB
_aNovela inglesa
650 1 7 _2LEMB
_aMisterio en la literatura
_9542
650 1 7 _2LEMB
_aNovela policiaca
_914732
653 _aDetectives
653 _aAsesinos
700 1 _aMacho Quevedo, E.
_etraductor
_962240
942 _2lcc
_cBKLIT
999 _c58017
_d58017